000 00588nam a2200253Ia 4500
003 IT-RoPAU
008 120407s9999 xx 000 0 und d
040 _aIT-RoPAU
040 _cIT-RoPAU
041 _aita
100 _aPietro Zovatto
100 _ccoll.
245 _aLa spiritualità del Settecento. Crisi di identità e nuovi percorsi (1650-1800).
250 _aBologna
260 _aEDB
260 _c1990
300 _a287 p.
300 _c22 cm
490 _aStoria della spiritualità
490 _v16
700 _aTullio Goffi
942 _cBK
999 _c31540
_d31540